[Event "Novgorod"]
[Site "Novgorod"]
[Date "1995.05.28"]
[Round "2"]
[White "Topalov, Veselin"]
[Black "Jussupow, Artur"]
[Result "1-0"]
[WhiteElo "2630"]
[BlackElo "2660"]
[Annotator "Topalov,V"]
[PlyCount "65"]
[EventDate "1995.05.??"]
[EventType "tourn"]
[EventRounds "9"]
[EventCountry "RUS"]
[EventCategory "17"]
[SourceTitle "CBM 048"]
[Source "ChessBase"]
[SourceDate "1995.10.01"]
[SourceVersion "1"]
[SourceVersionDate "1995.10.01"]
[SourceQuality "1"]

1. e4 {King Wedberg Dolmatov} e5 2. Nf3 Nc6 3. Bb5 a6 4. Ba4 d6 5. c3 Bd7 {
Black also has 5...f5, which leads to sharper positions.} 6. d4 Nge7 (6... g6 {
Dolmatov}) 7. Be3 {In my opinion, this gives white more choice than the normal
7.0-0.} Ng6 {In his third game of the match against Anand Yusupov played 7...
h6 but couldn t equalise after 8.Nbd2 g5 9.de de 10.h4!} 8. h4 $1 {This was my
idea. The white pawns restrict the black pieces.} h5 (8... Be7 {Dolmatov} 9. h5
(9. g3 {Wedberg} h6 10. d5 Nb8 11. Bc2 Bg4 12. Nbd2 Nd7 13. Nf1 Nf6 14. N1h2
Bd7 15. Nd2 h5 16. a4 $14 {Milos,G-Magomedov,M/Moscow ol/1994}) 9... Nh4 10.
Nxh4 Bxh4 11. d5 Nb8 12. Bxd7+ Nxd7 13. Qg4 Bf6 14. c4 O-O 15. O-O $10) (8...
Bg4 {Dolmatov} 9. Bxc6+ bxc6 10. Nbd2 Be7 11. Qa4 Bd7) 9. g3 (9. Ng5 {Dolmatov}
Be7 10. Bb3 $16) 9... Be7 10. d5 Nb8 11. Bxd7+ (11. Nfd2 {Dolmatov} b5 12. Bb3
c5 13. a4) 11... Nxd7 12. Nfd2 {Now a typical indian structure arises with
white square B exchanged, which clearly favors white. Also the Ng6 is out of
play.} Nf6 13. f3 O-O (13... c5 $5 {Dolmatov} 14. c4 b5 15. Nc3 Rb8 $14) 14. c4
c5 {Stops the standard developing of the white attack on the queenside - Nc3,
b4, Nb3, c5 etc.} (14... c6 {Dolmatov} 15. Nc3 Qd7 $16) (14... b5 $132 {Wedberg
}) 15. Nc3 Qd7 16. a4 a5 $2 {Black is clearly worse on the kingside, so he had
to play the more flexible 16...b6 preparing b5 in some positions. This i
positional suicide. Almost anything is better.} (16... Bd8 {Dolmatov} 17. a5 {
Wedberg} Bc7 {With much more play for Black than in the game.}) 17. Qe2 Kh7 18.
O-O-O {King Cleverly, White has waited before committing his K, and now that
the Qside has closed he moves it there. Black has no counterplay to off-set
White's ferocious Kside attack.} Rh8 19. Nf1 $1 {The knight looks for its best
place on f5, where it can cause much damage for black.} Kg8 20. Bd2 Ne8 (20...
Kf8 $5 {Dolmatov} 21. Ne3 Ke8 22. Nf5 Bf8 $16) 21. Ne3 Nf8 $6 {Black has to be
more afraid of f4 than of g4. That s why Nc7, Bf6 and Re8 was the right plan.}
22. b3 {I didn t know where to put the Rd1, so I made a useful move.} g6 $6 {
Following the wrong plan. In such positions each pawn move weakens the
position. It was still not too late for Nc7 and Re8.} (22... Nc7 $142 {/\Re8})
23. f4 Bf6 24. Rdf1 Qe7 25. f5 $1 {The e5-square is well-protected, but after
22...g6 the f-file became weaker. Now the black king is in danger.} Ng7 26. Nb5
b6 $2 {The final mistake. After 26...Nd7 I had 27.fg6 fg6 28.Nc7 Ra7 29.Rf3 b6
30.Nb5 ok} (26... g5 {Dolmatov} 27. g4 gxh4 28. gxh5 Bg5 29. f6 $1 Bxf6 30.
Rhg1 $16) 27. fxg6 fxg6 28. g4 $1 {The kingside opens.} (28. Rf2 {Dolmatov} Nh7
29. Rhf1 Rf8) 28... Bxh4 29. Nxd6 Qxd6 30. Rxh4 Nd7 31. gxh5 Rxh5 32. Rxh5 Nxh5
(32... gxh5 {Wedberg} 33. Rg1 $18) 33. Nf5 (33. Nf5 {Wedberg} Qc7 34. Ne7+ Kg7
35. Nxg6 Kxg6 36. Qg4+ $18) 1-0

[Event "Horgen CS"]
[Site "Horgen"]
[Date "1994.??.??"]
[Round "11"]
[White "Benjamin, Joel"]
[Black "Lautier, Joel"]
[Result "1/2-1/2"]
[WhiteElo "2610"]
[BlackElo "2645"]
[Annotator "Wedberg,T"]
[PlyCount "52"]
[EventDate "1994.09.??"]
[EventType "tourn"]
[EventRounds "11"]
[EventCountry "SUI"]
[EventCategory "16"]
[SourceTitle "CBM 043"]
[Source "ChessBase"]
[SourceDate "1994.12.01"]
[SourceVersion "1"]
[SourceVersionDate "1994.12.01"]
[SourceQuality "1"]

1. e4 e5 2. Nf3 Nc6 3. Bb5 a6 4. Ba4 d6 5. O-O Nge7 6. c3 Bd7 7. d4 Ng6 8. Nbd2
Be7 9. Re1 O-O 10. h3 f5 $5 (10... Qe8 {/\Nxd4} 11. Bc2 Nd8 12. dxe5 dxe5 13.
Nc4 f6 14. Ne3 Nf7 $10 {Byrne/Mednis}) 11. exf5 Bxf5 12. Bxc6 bxc6 13. dxe5
Nxe5 14. Nxe5 dxe5 15. Nc4 (15. Rxe5 Bd6 16. Re1 Bc5 $40) 15... Bd6 16. Nxe5
Qf6 17. f4 Rae8 18. Qd4 g5 $1 $44 19. Bd2 (19. fxg5 $4 Bxe5 20. gxf6 Bxd4+ $19)
19... gxf4 20. Bxf4 c5 21. Qe3 Bxh3 22. Qg3+ Qg7 23. Qxg7+ Kxg7 24. Bh2 Bf5 25.
Nc4 Bxh2+ 26. Kxh2 Re4 1/2-1/2

[Event "Czerniak Memorial 14th"]
[Site "Tel Aviv"]
[Date "1998.04.16"]
[Round "7"]
[White "Gofshtein, Leonid D"]
[Black "Elbilia, Jacques"]
[Result "1-0"]
[WhiteElo "2520"]
[BlackElo "2360"]
[Annotator "Wedberg,T"]
[PlyCount "68"]
[EventDate "1998.04.09"]
[EventType "tourn"]
[EventRounds "9"]
[EventCountry "ISR"]
[EventCategory "9"]
[SourceTitle "CBM 065"]
[Source "ChessBase"]
[SourceDate "1998.08.06"]
[SourceVersion "1"]
[SourceVersionDate "1998.08.06"]
[SourceQuality "1"]

1. e4 e5 2. Nf3 Nc6 3. Bb5 a6 4. Ba4 d6 5. O-O Bd7 6. c3 Nge7 7. d4 Ng6 8. d5
Nb8 9. c4 Be7 10. Nc3 h6 11. Bxd7+ (11. Be3 Bg5 $1 12. Re1 Bxe3 13. Rxe3 O-O
14. Rc1 a5 15. Ne1 Na6 16. Bxd7 Qxd7 17. Qa4 Qxa4 18. Nxa4 Nc5 19. Nxc5 dxc5 {
1/2-1/2 Trifunovic,P-Keres,P/JUG-URS 1956/MCD-ma}) 11... Qxd7 $6 (11... Nxd7 {
and then Bg5 seems like a more logical follow-up to h6.}) 12. Be3 O-O 13. b4 f5
14. Rc1 (14. exf5 Qxf5 15. Nd2 {is also possible.}) 14... fxe4 (14... f4 $5 15.
Bd2 Nh8 {with some attacking chances for Black. Probably better than the game.}
) 15. Nd2 a5 16. a3 axb4 17. axb4 Qf5 18. Ndxe4 $16 {White has everything he
can ask for in this line.} Nd7 19. Ng3 Qf7 20. Nb5 Rfc8 21. Ra1 Bd8 22. Ne4 Nf6
23. Nxf6+ Qxf6 24. Qg4 Ne7 25. Rad1 Qf5 26. Qe2 Ra4 27. f4 $1 $40 Rxb4 28. fxe5
Qxe5 29. Qf3 Rxc4 30. Bd4 Rxd4 (30... Qxd5 $4 31. Qf8+ Kh7 32. Qxg7#) 31. Nxd4
Kh7 (31... Qxd5 32. Qf8+ Kh7 33. Rf7 Qe5 34. Rxe7 $1 Qxe7 35. Qf5+ $18) 32. Ne6
Ng6 33. Rde1 Qb2 34. Qf5 $18 Ra8 1-0

[Event "RUS-chT 05th"]
[Site "Maikop"]
[Date "1998.06.07"]
[Round "5"]
[White "Svidler, Peter"]
[Black "Malaniuk, Vladimir P"]
[Result "1-0"]
[WhiteElo "2690"]
[BlackElo "2600"]
[Annotator "Wedberg,T"]
[PlyCount "69"]
[EventDate "1998.06.03"]
[EventType "team-tourn"]
[EventRounds "11"]
[EventCountry "RUS"]
[SourceTitle "CBM 066"]
[Source "ChessBase"]
[SourceDate "1998.09.30"]
[SourceVersion "1"]
[SourceVersionDate "1998.09.30"]
[SourceQuality "1"]
[WhiteTeam "Sankt Petersburg"]
[BlackTeam "Maykop Universitet"]
[WhiteTeamCountry "RUS"]
[BlackTeamCountry "RUS"]

{This is a prime effort by Peter Svidler. His opening setup is proven to be
very effective after the slightly surprising break on the K-side. The attack
is crisp and beautiful.} 1. e4 e5 2. Nf3 Nc6 3. Bb5 a6 4. Ba4 d6 5. c3 Bd7 6.
d4 Nf6 7. Qe2 Be7 8. d5 Nb8 9. Bc2 {Exchanging on d7 or not - that's the
question. In general keeping pieces on the board benefits the player with more
space. In this postition White has more room for his pieces due to his forward
post on d5. But on the other hand the white-squared B is Black's good B. For a
similar discussion see the games Topalov,V - Jussupow,A/Novgorod/1995/CBM48
and Tischbierek,R - Sale,S/Budapest/1996/CBM56.} (9. Bxd7+ Nbxd7 10. c4 O-O 11.
Nc3 Ne8 12. g4 (12. O-O g6 13. Bh6 Ng7 14. Qd2 f5 15. Ng5 $14 {1-0 Cimra,
J-Kovacova,Z/SVK-ch 1993/TD 93\10 (49)}) 12... c5 13. Be3 Qa5 14. O-O-O Rb8 15.
Qc2 b5 16. Nd2 Qc7 17. h4 $14 {1-0 Cimra,J-Kovacova,Z/SVK-chT 1994/TD 94\03 
(53)}) 9... c6 10. c4 a5 11. Nc3 Na6 12. O-O O-O 13. h3 h6 14. Be3 c5 {Black
goes for a complete blockade.} 15. Ne1 $1 g5 {A dangerous decision since the
blockade is a bit fragile.} (15... Nh7 16. f4 Bf6 (16... exf4 17. Bxf4 $36) 17.
f5 $40) 16. a3 Kg7 17. Nd3 Qe8 18. f4 $1 {Drastic and good. Black is not well
organised to withstand White's attack.} (18. Kh2 {/\g3, f4} Nc7 19. g3 Qc8 $1
$13) 18... gxf4 19. Nxf4 Rh8 (19... exf4 20. Bxf4 Rh8 21. e5 $40) 20. Rf2 $5 (
20. Nh5+ {is good enough} Nxh5 21. Qxh5 f6 22. Qh4 $40) 20... exf4 21. Bxf4 Nh7
22. e5 Bh4 (22... Bg5 23. Raf1 {[%csl Rf7][%cal Yf2f7]} (23. Bh2 $5) 23... Bxf4
24. Rxf4 Ng5 (24... Rf8 25. Qd3 $18) 25. h4 dxe5 (25... Qxe5 26. hxg5 Raf8 27.
Qf3 Qe7 28. Ne4 $18) 26. R4f2 Nh7 27. Rxf7+ Qxf7 28. Rxf7+ Kxf7 29. Qh5+ $18)
23. e6 $1 fxe6 (23... Bxf2+ 24. Qxf2 fxe6 25. Qg3+ $18) (23... Bxe6 24. dxe6
Bxf2+ 25. Qxf2 Qxe6 26. Qg3+ Ng5 27. h4 $18) 24. Qg4+ Bg5 25. Bxd6 exd5 26. Qf3
Rf8 (26... d4 27. Be5+ Kg8 28. Nd5 Bc6 29. h4 $1 $16) (26... Bf6 27. Bxh7 Bd4
28. Bd3 $16) (26... Be3 27. Be5+ $1 $18) 27. Bxf8+ Nxf8 28. Nxd5 $16 Be6 29.
Re1 Qc6 30. Qc3+ Kg8 31. Qg3 Bxd5 32. cxd5 Qc7 33. d6 Qg7 34. Kh2 c4 35. h4 (
35. h4 Bd8 36. Rxf8+ Kxf8 37. Re8+ Kf7 38. Qf3+ Kxe8 39. Ba4+ Qd7 40. Qh5+ Kf8
41. Bxd7 $18) 1-0

[Event "Podgorica"]
[Site "Podgorica"]
[Date "1993.??.??"]
[Round "5"]
[White "Poluljahov, Aleksandr"]
[Black "Lazic, Miroljub"]
[Result "1-0"]
[WhiteElo "2515"]
[BlackElo "2450"]
[Annotator "Wedberg,T"]
[PlyCount "57"]
[EventDate "1993.02.??"]
[EventType "tourn"]
[EventRounds "13"]
[EventCountry "YUG"]
[EventCategory "10"]
[SourceTitle "CBM 036"]
[Source "ChessBase"]
[SourceDate "1993.10.01"]
[SourceVersion "1"]
[SourceVersionDate "1993.10.01"]
[SourceQuality "1"]

1. e4 e5 2. Nf3 Nc6 3. Bb5 Nge7 4. c3 a6 5. Ba4 d6 6. d4 Bd7 7. O-O (7. Bb3 h6
8. Nbd2 Ng6 9. Nc4 Be7 10. Ne3 Bg5 11. Nxg5 hxg5 12. g3 exd4 13. cxd4 Kf8 $5
14. O-O Bh3 15. Qf3 Qd7 16. Rd1 Re8 {Sax-Portisch, SkellefteÅ 1989}) 7... Ng6
8. c4 Be7 9. d5 Nb8 10. Nc3 O-O (10... h6 $1 {/\ 11...Bg5 12.Nxg5 hxg5 ><h2}
11. Be3 Bg5 12. Re1 Bxe3 13. Rxe3 O-O 14. Rc1 a5 {= Trifunovic-Keres, Yug-URS
1956}) 11. Be3 f5 12. Bxd7 Qxd7 (12... Nxd7 13. exf5 Rxf5 14. Ne4 $14) 13. b4 (
13. exf5 $14) 13... a5 $6 (13... f4 $5) 14. exf5 $14 Rxf5 15. bxa5 Rxa5 16. Nd2
Ra8 17. Qb3 b6 18. c5 $1 $16 Nh4 (18... bxc5 $2 19. Qb7 $18) 19. cxb6 cxb6 20.
Qxb6 Nxg2 $2 $18 21. Kxg2 Rh5 22. Kf3 $1 Qf5+ 23. Ke2 Nd7 24. Qb1 Qg4+ 25. f3
Rxh2+ 26. Rf2 Qh5 27. Qb7 Rd8 28. Nce4 Rh3 29. Rc1 1-0

[Event "RUS-Cup03 Geller Memorial"]
[Site "Moscow"]
[Date "1999.02.09"]
[Round "8"]
[White "Grigoriants, Sergey"]
[Black "Novichkov, Vadim"]
[Result "1/2-1/2"]
[WhiteElo "2313"]
[BlackElo "2420"]
[Annotator "Wedberg,T"]
[PlyCount "87"]
[EventDate "1999.02.10"]
[EventType "swiss"]
[EventRounds "9"]
[EventCountry "RUS"]
[SourceTitle "CBM 070"]
[Source "ChessBase"]
[SourceDate "1999.06.08"]
[SourceVersion "1"]
[SourceVersionDate "1999.06.08"]
[SourceQuality "1"]

1. e4 e5 2. Nf3 Nc6 3. Bb5 a6 4. Ba4 d6 5. c3 Bd7 6. O-O (6. d4 {is a more
flexible approach. Then the manouvre Ng8-e7-g6 can be met by the thrust h4-h5.
See the model games Topalov - Jussupov, Novgorod 1995 and Tischbierek - Sale,
Budapest 1996.}) 6... Nge7 {When White has castled it´s OK to put the N on g6.}
7. d4 Ng6 8. Nbd2 Be7 9. Re1 h6 10. Nf1 Bg5 {Black has less space so he goes
for exchanges.} 11. Ne3 Bxe3 12. Bxe3 O-O 13. h3 (13. Nd2 Qf6 (13... Re8 14.
Bc2 Nf4 15. Bxf4 exf4 16. Qf3 Qg5 $11 {0-1 Oim,T-Keres,P/Parnu 1971/EXT 99 (26)
}) 14. Nf1 Rad8 15. f3 Nf4 $13 {1-0 Savon,V-Frumson,Y/Moscow 1991/TD (31)})
13... Qe7 (13... Re8 14. Bc2 Qe7 15. d5 Nd8 16. c4 $14 {1/2-1/2 Badulescu,
C-Nikolin,Z/Warszawa 1988/EXT 99 (48)}) 14. Bc2 Rad8 15. Nh2 Qh4 16. Nf1 Nf4
17. Qf3 Qh5 18. Qg3 g5 19. Bd1 Qg6 20. Bc2 Kh8 21. dxe5 dxe5 22. Bc5 Rfe8 23.
Qe3 Be6 $11 24. b3 Rd7 25. Rad1 Red8 26. Rxd7 Rxd7 27. Rd1 Rxd1 28. Bxd1 Qf6
29. Qd2 Qd8 30. Qxd8+ Nxd8 31. Ne3 Nc6 32. Ba3 Kg7 33. Bf3 h5 34. Kh2 Kg6 35.
Bd1 Nb8 36. Kg1 Nd7 37. Kf1 f6 38. Be7 c6 39. Bc2 Kf7 40. Bd6 Nb6 41. Ke1 Nc8
42. Bc5 Ke8 43. Kd2 Kd7 44. Ke1 1/2-1/2

[Event "Flamenco Veterans-Women"]
[Site "Marbella"]
[Date "1999.10.24"]
[Round "4"]
[White "Galliamova, Alisa"]
[Black "Hort, Vlastimil"]
[Result "0-1"]
[WhiteElo "2556"]
[BlackElo "2535"]
[Annotator "Wedberg,T"]
[PlyCount "92"]
[EventDate "1999.10.21"]
[EventType "schev"]
[EventRounds "10"]
[EventCountry "ESP"]
[SourceTitle "CBM 074"]
[Source "ChessBase"]
[SourceDate "2000.02.01"]
[SourceVersion "1"]
[SourceVersionDate "2000.02.01"]
[SourceQuality "1"]

1. e4 e5 2. Nf3 Nc6 3. Bb5 a6 4. Ba4 d6 5. c3 Bd7 6. d4 Nge7 7. h4 {The
critical plan for Black involves h4, but usually White starts with Be3,
waiting for Ng6 before playing h4.} h6 8. Nbd2 (8. Be3 Ng8 $5 {An interesting
idea. Black regroups his N to f6 to use the weakened g4-square and avoids the
Sg6 h5 situation.} (8... exd4 9. cxd4 d5 10. e5 b5 11. Bc2 Na5 12. Nc3 Bg4 13.
a4 c6 $11 {1/2-1/2 Euwe,M-Reshevsky,S/NLD/URS 1948/MainBase (57)}) 9. Nbd2 Nf6
(9... b5 10. Bb3 Nf6 11. Qe2 Be7 12. O-O-O Rb8 $132 {1/2-1/2 Sherzer,A-Anic,D/
Budapest 1992/EXT 97 (18)}) 10. d5 Nb8 11. Bxd7+ Nbxd7 12. Qb3 Qc8 13. O-O-O c6
14. Nh2 cxd5 15. exd5 b5 16. Rhe1 Be7 17. g4 b4 $1 $132 {0-1 Pedzich,
D-Grabarczyk,M/POL-ch 1994/TD (60)}) (8. h5 exd4 9. Nxd4 Nxd4 10. cxd4 d5 11.
e5 Bxa4 12. Qxa4+ Nc6 13. Be3 Qd7 14. Nc3 Bb4 15. Qc2 O-O 16. O-O-O Bxc3 17.
Qxc3 f6 18. f4 a5 $17 {0-1 Quinteros,M-Larsen,B/Manila 1973/EXT 98 (38)}) 8...
Ng6 (8... Ng8 $2 {loses a P after exchanges on c6 and e5.}) 9. g3 (9. h5 Nf4
$132) 9... b5 10. Bb3 Be7 11. Nf1 (11. h5 Nf8 {[%cal Yf8h7,Yh7g5] /\Nh7-g5})
11... Bf6 12. Ne3 Nge7 13. a3 Qc8 14. Ba2 Qb7 15. d5 (15. Nd5 Nxd5 16. Bxd5 Bg4
$13) 15... Na7 16. Nh2 h5 17. Nf3 c5 18. dxc6 Bxc6 19. Nd5 Nac8 20. Ng5 Nxd5
21. exd5 Bd7 22. O-O Nb6 23. Ne4 Be7 24. f4 $5 {A bold decision. White must
follow it up by sacrificing a piece.} Bg4 $1 25. Qc2 f5 26. fxe5 $1 {The
logical continuation.} (26. Nf2 $2 e4 $15) 26... fxe4 27. exd6 Bf6 $1 (27...
Bxd6 $2 28. Bg5 $1 Bc5+ 29. Kh2 Bf3 30. Rxf3 exf3 31. Qg6+ Kf8 32. d6 $18) 28.
Qxe4+ Kd7 29. Bf4 $6 (29. Bg5 $1 {is difficult for Black. White has three P:s
for the piece and an attack.} Rae8 30. Qg6 $44) 29... Rae8 30. Qg6 Rhf8 31.
Rae1 Rxe1 32. Rxe1 Nc4 33. Qd3 $2 {This passive move gives it all away.} (33.
Re7+ $1 Bxe7 34. dxe7 Ra8 (34... Kxe7 35. Bg5+ Kd7 36. Qxg7+ $18) 35. Bxc4 bxc4
36. Qd6+ Ke8 37. Qg6+ Kd7 38. Qd6+ $11) 33... Qb6+ 34. Kg2 Nxd6 $19 35. b3 Re8
36. Rxe8 Kxe8 37. Bb1 Kd7 38. Qd2 Qc5 39. Bxd6 Qxd6 40. c4 bxc4 41. bxc4 Qxa3
42. Qf2 Qb2 43. Bc2 Qd4 44. Bf5+ Kd6 45. Qf1 Qd2+ 46. Kh1 Qd1 0-1

[Event "Qingdao Daily Cup"]
[Site "Qingdao"]
[Date "1999.10.19"]
[Round "3"]
[White "Peng, Xiaomin"]
[Black "Iuldachev, Saidali"]
[Result "1/2-1/2"]
[WhiteElo "2574"]
[BlackElo "2491"]
[Annotator "Wedberg,T"]
[PlyCount "81"]
[EventDate "1999.10.18"]
[EventType "tourn"]
[EventRounds "9"]
[EventCountry "CHN"]
[EventCategory "10"]
[SourceTitle "CBM 074"]
[Source "ChessBase"]
[SourceDate "2000.02.01"]
[SourceVersion "1"]
[SourceVersionDate "2000.02.01"]
[SourceQuality "1"]

1. e4 e5 2. Nf3 Nc6 3. Bb5 a6 4. Ba4 d6 5. c3 Bd7 6. O-O Nge7 7. d4 Ng6 8. Be3
Be7 9. d5 Nb8 10. c4 h6 11. Nc3 Bg5 12. Nxg5 (12. Qd2 Bxe3 (12... Nf4 $5) 13.
Qxe3 Nh4 14. Nxh4 Qxh4 15. b4 Qg5 16. Qe2 Qe7 17. Qe3 Qg5 18. Qe2 Qe7 19. Qe3 {
1/2-1/2 Dzevlan,M-Wedberg,T/Biel 1990/EXT 2000 (19)}) 12... hxg5 13. g3 Nf4 $5
{[%mdl 128] Iuldachev makes a very principal sacrifice. The question is of
course: is the attack worth the piece?} 14. f3 Kf8 $1 {Another important
decision. The K is not going to the Q-side but to the K-side. This means that
White will be pressed to take on f4 sooner or later since there is no play
anywhere for him.} 15. Qc2 g6 16. Bxd7 Nxd7 17. gxf4 {Else Black is just going
to triple on the h-file after the K has been installed on g7.} gxf4 18. Bc1 Kg7
19. b3 Rh3 20. Ba3 Qg5+ 21. Qg2 Qh4 22. Rf2 Rh8 23. Kf1 $6 (23. Rd2 Rh5 24. Kh1
{keeping the K as a defender of h2 might be a better way to arrange the
defence. It's not clear how Black should continue. Playing the N to h5 and
then g3 is one idea, but that is not easy to achieve.}) 23... Rh5 24. Ne2 Rg5
25. Qh1 Nf6 26. c5 $6 (26. Ng1 $142 Rhg3 27. Ke2 $13) 26... Nh5 $1 {Now it's
all systems go for Black.} 27. cxd6 (27. Bc1 dxc5 $40) 27... cxd6 28. Bxd6 Ng3+
29. Nxg3 fxg3 30. Rg2 $17 Rh5 31. Ke2 Qf6 32. Bc7 Rxh2 33. Rxh2 Rxh2+ 34. Qxh2
gxh2 35. d6 Qg5 $1 36. d7 Qg2+ 37. Ke3 Qg1+ $2 (37... Qb2 $1 {wins} 38. Rd1 (
38. Bxe5+ Qxe5 39. Rd1 Qg5+ $19) 38... Qc3+ $19) 38. Rxg1 hxg1=Q+ 39. Ke2 Qg2+
40. Ke1 Qg1+ 41. Ke2 1/2-1/2